[Event "2. Hrvatska liga zapad 2017."]
[Site "Pula, Gospić, Rijeka"]
[Date "2017.04.09"]
[Round "6.4"]
[White "Samblic, Silvano"]
[Black "Safar, Sandro"]
[Result "1-0"]
[WhiteElo "1984"]
[BlackElo "2126"]
[PlyCount "99"]
[EventDate "2017.03.25"]

1. e4 c5 2. Nc3 e6 3. d3 d5 4. g3 Nf6 5. Bg2 a6 6. a4 b6 7. Bg5 Bb7 8. Bxf6
gxf6 9. exd5 exd5 10. Qh5 Qe7+ 11. Nge2 Qe5 12. Qxe5+ fxe5 13. Nxd5 Bxd5 14.
Bxd5 Ra7 15. O-O Bg7 16. Nc3 Ke7 17. Rae1 f6 18. f4 Nd7 19. fxe5 Kd8 20. exf6
Bxf6 21. Kg2 h5 22. Bc6 Rh6 23. Re6 Bg7 24. Rxh6 Bxh6 25. Rf7 Rc7 26. Rxd7+
Rxd7 27. Bxd7 Kxd7 28. Kf3 Ke6 29. Ke4 Bg7 30. Nd5 b5 31. axb5 axb5 32. b3 Kd6
33. Nf4 h4 34. g4 c4 35. bxc4 bxc4 36. dxc4 Bc3 37. h3 Kc5 38. Kd3 Bf6 39. Nd5
Bg5 40. c3 Bd8 41. Nf4 Bf6 42. g5 Be5 43. g6 Kd6 44. Nh5 Ke6 45. g7 Kf7 46. c5
Bc7 47. Ke4 Ba5 48. c6 Bb6 49. Kd5 Bc7 50. Nf6 1-0

[Event "2. Hrvatska liga zapad 2017."]
[Site "Pula, Gospić, Rijeka"]
[Date "2017.04.09"]
[Round "6.4"]
[White "Dujic, Marko"]
[Black "Bogdanic, Katarina"]
[Result "1-0"]
[WhiteElo "1883"]
[BlackElo "1940"]
[PlyCount "53"]
[EventDate "2017.03.25"]

1. b3 d5 2. Bb2 Nf6 3. f4 e6 4. Nf3 Bd6 5. e3 Nbd7 6. Be2 O-O 7. O-O c5 8. Qe1
Re8 9. Ne5 Qc7 10. Nxd7 Nxd7 11. Nc3 a6 12. Qg3 Bf8 13. Qh3 Nf6 14. Bf3 e5 15.
f5 e4 16. Bd1 Qd6 17. Ne2 Nd7 18. Ng3 d4 19. Rf4 Nf6 20. Be2 g6 21. Qh4 Be7 22.
fxg6 fxg6 23. Bc4+ Kg7 24. Nxe4 Qe5 25. exd4 cxd4 26. Nxf6 Bxf6 27. Rxf6 1-0

[Event "2. Hrvatska liga zapad 2017."]
[Site "Pula, Gospić, Rijeka"]
[Date "2017.04.09"]
[Round "6.4"]
[White "Dubrovic, Mihovil"]
[Black "Dujic, Davor"]
[Result "1-0"]
[WhiteElo "1931"]
[BlackElo "1660"]
[PlyCount "159"]
[EventDate "2017.03.25"]

1. e4 c5 2. Nf3 Nc6 3. g3 e6 4. Bg2 Nf6 5. d3 d5 6. e5 Nd7 7. Qe2 Qc7 8. Bf4 b6
9. O-O Bb7 10. Re1 O-O-O 11. Nbd2 h6 12. Nb3 g5 13. Bd2 Bg7 14. d4 cxd4 15.
Nfxd4 Ndxe5 16. Nb5 Qd7 17. a4 a6 18. N5d4 Nxd4 19. Nxd4 Nc4 20. Bc3 e5 21. Nf3
Rhe8 22. b3 Nd6 23. Rad1 d4 24. Bb4 Nf5 25. c4 e4 26. Nd2 Nd6 27. c5 bxc5 28.
Bxc5 f5 29. Bb6 Kb8 30. Bxd8 Rxd8 31. Nc4 d3 32. Qd2 Nxc4 33. bxc4 Qxa4 34. c5
Rc8 35. Rc1 Bd4 36. g4 f4 37. Rb1 f3 38. Bf1 Bxc5 39. Qb2 Rc7 40. Rec1 Qd7 41.
h3 h5 42. gxh5 e3 43. Rxc5 Rxc5 44. fxe3 Rc2 45. Qh8+ Ka7 46. Qd4+ Qxd4 47.
exd4 d2 48. Rd1 a5 49. Kf2 a4 50. Bd3 Rb2 51. h6 Bd5 52. h7 Rb8 53. Rxd2 a3 54.
Bb1 Re8 55. Kg3 Kb6 56. Kg4 Rh8 57. Kxg5 a2 58. Bxa2 Bxa2 59. Rxa2 Rxh7 60. h4
Kc6 61. Rf2 Rg7+ 62. Kf4 Kd5 63. Rxf3 Kxd4 64. Rh3 Rf7+ 65. Kg5 Ke5 66. Re3+
Kd4 67. Re1 Rg7+ 68. Kf6 Rh7 69. Rh1 Ke4 70. h5 Ra7 71. h6 Ra6+ 72. Kg5 Ra5+
73. Kg4 Ra7 74. Re1+ Kd5 75. Kf5 Rf7+ 76. Kg6 Rf2 77. Rg1 Ke6 78. h7 Rf8 79.
Re1+ Kd6 80. Kg7 1-0

[Event "2. Hrvatska liga zapad 2017."]
[Site "Pula, Gospić, Rijeka"]
[Date "2017.04.09"]
[Round "6.5"]
[White "Jurkovic, Ante"]
[Black "Bulic, Josip"]
[Result "1/2-1/2"]
[WhiteElo "2289"]
[BlackElo "2299"]
[PlyCount "46"]
[EventDate "2017.03.25"]

1. e4 Nf6 2. e5 Nd5 3. d4 d6 4. Nf3 Bg4 5. Be2 e6 6. h3 Bh5 7. c4 Nb6 8. Be3
N8d7 9. exd6 cxd6 10. Qb3 Be7 11. Nbd2 h6 12. a4 Nf6 13. a5 Nbd7 14. Qxb7 Rb8
15. Qc6 Rxb2 16. O-O O-O 17. Qa4 Qc7 18. Rfb1 Rfb8 19. Rxb2 Rxb2 20. Bd3 Bxf3
21. Nxf3 e5 22. Bf1 exd4 23. Nxd4 a6 1/2-1/2

[Event "2. Hrvatska liga zapad 2017."]
[Site "Pula, Gospić, Rijeka"]
[Date "2017.04.09"]
[Round "6.5"]
[White "Juranic, Bruno"]
[Black "Barcal, Aleksandar"]
[Result "1/2-1/2"]
[WhiteElo "2161"]
[BlackElo "2008"]
[PlyCount "55"]
[EventDate "2017.03.25"]

1. e4 d6 2. d4 Nf6 3. Nc3 g6 4. g3 Bg7 5. Bg2 O-O 6. Nge2 c6 7. O-O Qc7 8. h3
a6 9. a4 e5 10. Be3 exd4 11. Bxd4 Be6 12. f4 c5 13. Bf2 h5 14. f5 Bc4 15. Re1
Bxe2 16. Nxe2 Nc6 17. Nf4 Ne5 18. fxg6 Nxg6 19. Nxh5 Nxh5 20. Qxh5 Bxb2 21.
Rab1 Be5 22. Qg5 Rab8 23. Bf1 Qe7 24. Qxe7 Nxe7 25. Rb6 Nc6 26. Bxa6 Nd4 27.
Be2 Nxc2 28. Reb1 1/2-1/2

[Event "2. Hrvatska liga zapad 2017."]
[Site "Pula, Gospić, Rijeka"]
[Date "2017.04.09"]
[Round "6.5"]
[White "Kovacevic, Matija"]
[Black "Brenc, Tomislav"]
[Result "0-1"]
[WhiteElo "2020"]
[BlackElo "2001"]
[PlyCount "96"]
[EventDate "2017.03.25"]

1. d4 f5 2. Nf3 Nf6 3. g3 g6 4. Bg2 Bg7 5. c4 O-O 6. Nc3 d6 7. O-O Qe8 8. d5 a5
9. Nb5 Na6 10. Nfd4 Bd7 11. Nc3 c6 12. Re1 Nc5 13. Qc2 Rc8 14. Nb3 Nce4 15.
dxc6 bxc6 16. Nxe4 fxe4 17. Nxa5 Ng4 18. Rf1 Rf5 19. Nb3 Qf8 20. Be3 Be5 21.
Qd2 Rh5 22. h4 Nxe3 23. Qxe3 Bxb2 24. Rab1 Qf6 25. Bxe4 Ra8 26. Qd2 Be5 27. e3
Qe6 28. Bf3 Rxh4 29. gxh4 Qh3 30. Bd5+ cxd5 31. f4 Qg3+ 32. Kh1 d4 33. exd4 Bf5
34. Rbe1 Bf6 35. Qh2 Qd3 36. Qg2 Ra3 37. Rf3 Qxc4 38. Nd2 Qxa2 39. Rxa3 Qxa3
40. h5 Kg7 41. hxg6 hxg6 42. Nf3 Qc3 43. Rf1 Qd3 44. Re1 Be4 45. Rxe4 Qxe4 46.
Qg4 Bxd4 47. Kh2 Qe2+ 48. Kh3 Qf1+ 0-1

[Event "2. Hrvatska liga zapad 2017."]
[Site "Pula, Gospić, Rijeka"]
[Date "2017.04.09"]
[Round "6.5"]
[White "Starcevic, Andrea"]
[Black "Juras, Zvonko"]
[Result "1/2-1/2"]
[WhiteElo "1871"]
[BlackElo "1907"]
[PlyCount "42"]
[EventDate "2017.03.25"]

1. c4 c5 2. Nc3 Nc6 3. g3 g6 4. Bg2 Bg7 5. e3 e6 6. Nge2 Nge7 7. O-O O-O 8. d4
cxd4 9. exd4 d5 10. c5 b6 11. Rb1 Ba6 12. b4 bxc5 13. bxc5 Rb8 14. Rxb8 Qxb8
15. Qa4 Bxe2 16. Nxe2 Qb4 17. Qxb4 Nxb4 18. Bd2 Nc2 19. Bc3 Nc6 20. Rd1 Rb8 21.
Bf1 Na3 1/2-1/2

[Event "2. Hrvatska liga zapad 2017."]
[Site "Pula, Gospić, Rijeka"]
[Date "2017.04.09"]
[Round "6.5"]
[White "Milevoj, Cedomir"]
[Black "Kirincic, Marko"]
[Result "1/2-1/2"]
[WhiteElo "1913"]
[BlackElo "1822"]
[PlyCount "34"]
[EventDate "2017.03.25"]

1. d4 d5 2. c4 Nf6 3. Nc3 e6 4. Nf3 Nbd7 5. e3 b6 6. Bd3 Bb7 7. O-O c5 8. Qe2
Be7 9. Rd1 O-O 10. Ne5 Nxe5 11. dxe5 Nd7 12. f4 f5 13. exf6 Nxf6 14. f5 Bc8 15.
cxd5 exf5 16. Qc2 Ng4 17. h3 Ne5 1/2-1/2